[Event "POR CupT qf 41st"]
[Site "Portugal"]
[Date "2019.06.08"]
[Round "1.4"]
[White "Iglesias Leon, Francisco Javier"]
[Black "Rego, Pedro Filipe"]
[Result "0-1"]
[WhiteElo "2137"]
[BlackElo "2242"]
[PlyCount "78"]
[EventDate "2019.06.08"]
[EventType "team-k.o."]
[EventRounds "6"]
[EventCountry "POR"]
[SourceTitle "CBM 190 Extra"]
[Source "ChessBase"]
[SourceDate "2019.07.15"]
[SourceVersion "1"]
[SourceVersionDate "2019.07.15"]
[SourceQuality "1"]
[WhiteTeam "Dias Ferreira"]
[BlackTeam "Montemor o Novo"]
[WhiteTeamCountry "POR"]
[BlackTeamCountry "POR"]

1. Nf3 c5 2. b3 Nf6 3. Bb2 e6 4. c4 Nc6 5. g3 b6 6. Bg2 Bb7 7. 0-0 Be7 8. d4 cxd4 9. Nxd4 0-0 10. Nc3 Qb8 11. Nc2 Rd8 12. e4 a6 13. Re1 d6 14. Kh1 b5 15. cxb5 axb5 16. Nxb5 Ne5 17. a4 Neg4 18. Kg1 Ne5 19. Qe2 Ned7 20. Ncd4 Nc5 21. f3 e5 22. Nf5 Bf8 23. Qe3 g6 24. Qg5 Nd3 25. Qxf6 gxf5 26. Reb1 Bc6 27. Qg5+ Bg7 28. Qd2 Bxb5 29. axb5 Qb6+ 30. Kf1 Qxb5 31. Qe2 Qxb3 32. Rd1 Nxb2 33. Rab1 Rdb8 34. Rd2 Ra2 35. Bh3 Bh6 36. Rc2 Be3 37. Bxf5 Bd4 38. f4 Rba8 39. Kg2 Qxc2 0-1

[Event "ESP-ch rapid"]
[Site "Linares"]
[Date "2018.08.19"]
[Round "2"]
[White "Ljubojevic, Ljubomir"]
[Black "Iglesias Leon, Francisco Javier"]
[Result "1-0"]
[WhiteElo "2571"]
[BlackElo "2129"]
[PlyCount "65"]
[EventDate "2018.08.19"]
[EventType "swiss (rapid)"]
[EventRounds "9"]
[EventCountry "ESP"]
[SourceTitle "CBM 186 Extra"]
[Source "ChessBase"]
[SourceDate "2018.08.24"]
[SourceVersion "1"]
[SourceVersionDate "2018.08.24"]
[SourceQuality "1"]

1. d4 Nf6 2. c4 c5 3. d5 b5 4. cxb5 a6 5. bxa6 g6 6. Nc3 Bxa6 7. Nf3 Bg7 8. g3 d6 9. Bg2 0-0 10. 0-0 Nfd7 11. Qc2 Nb6 12. Rd1 Nc4 13. b3 Qa5 14. Ne4 Bxa1 15. bxc4 Bg7 16. Bg5 Re8 17. Rb1 Nd7 18. Bd2 Qc7 19. Rb3 Reb8 20. h4 h5 21. Neg5 Ne5 22. Nxe5 Bxe5 23. Bh3 Bc8 24. Be6 Bxe6 25. dxe6 f5 26. e4 Rxb3 27. axb3 Qb7 28. exf5 Ra1+ 29. Bc1 gxf5 30. Kh2 Bf6 31. Qxf5 Bxg5 32. Qf7+ Kh8 33. Bb2+ 1-0

[Event "ESP-chT CECLUB Div2"]
[Site "Linares"]
[Date "2018.08.17"]
[Round "5.7"]
[White "Sanchez Jerez, Emilio Miguel"]
[Black "Iglesias Leon, Francisco Javier"]
[Result "1-0"]
[WhiteElo "2246"]
[BlackElo "2129"]
[PlyCount "73"]
[EventDate "2018.08.14"]
[EventType "team-swiss"]
[EventRounds "7"]
[EventCountry "ESP"]
[SourceTitle "CBM 186 Extra"]
[Source "ChessBase"]
[SourceDate "2018.08.24"]
[SourceVersion "1"]
[SourceVersionDate "2018.08.24"]
[SourceQuality "1"]
[WhiteTeam "Beniajan Duochess CAC II"]
[BlackTeam "Grupo 64"]
[WhiteTeamCountry "ESP"]
[BlackTeamCountry "ESP"]

1. Nc3 d6 2. d4 Nf6 3. Nf3 Nbd7 4. Bf4 g6 5. e4 Bg7 6. Qd2 0-0 7. h4 e5 8. dxe5 dxe5 9. Bg5 Nc5 10. Qe3 Ne6 11. Rd1 Qe8 12. Bc4 Nd4 13. Nxd4 exd4 14. Rxd4 Ng4 15. Qd2 c5 16. Bb5 cxd4 17. Bxe8 dxc3 18. Qd8 Ne5 19. Qe7 cxb2 20. 0-0 Be6 21. Ba4 Bxa2 22. Bf6 Nc4 23. Bxg7 Kxg7 24. Qb4 b5 25. Bb3 b1Q 26. Rxb1 Bxb1 27. Qxb5 Rac8 28. Bxc4 Bxc2 29. Qb2+ f6 30. Qxc2 Rc5 31. Qa2 Rfc8 32. Bd5 a5 33. g4 h6 34. Kg2 R8c7 35. Qa4 Kf8 36. Qd4 Kg7 37. g5 1-0

[Event "ESP-chT CECLUB Div2"]
[Site "Linares"]
[Date "2018.08.15"]
[Round "3.8"]
[White "Marino Bravo, Miguel Angel"]
[Black "Iglesias Leon, Francisco Javier"]
[Result "1/2-1/2"]
[WhiteElo "2194"]
[BlackElo "2129"]
[PlyCount "222"]
[EventDate "2018.08.14"]
[EventType "team-swiss"]
[EventRounds "7"]
[EventCountry "ESP"]
[SourceTitle "CBM 186 Extra"]
[Source "ChessBase"]
[SourceDate "2018.08.24"]
[SourceVersion "1"]
[SourceVersionDate "2018.08.24"]
[SourceQuality "1"]
[WhiteTeam "Covadonga Cultura"]
[BlackTeam "Grupo 64"]
[WhiteTeamCountry "ESP"]
[BlackTeamCountry "ESP"]

1. d4 Nf6 2. Bf4 d6 3. e3 g6 4. Nd2 Bg7 5. h3 0-0 6. Ngf3 c5 7. c3 b6 8. Be2 Bb7 9. 0-0 Nbd7 10. a4 a6 11. Bh2 Ra7 12. Nc4 Qa8 13. a5 b5 14. Nb6 Qd8 15. dxc5 dxc5 16. Qd2 Nxb6 17. Qxd8 Rxd8 18. axb6 Raa8 19. Rfd1 Rxd1+ 20. Rxd1 Nd5 21. Bc7 Rc8 22. c4 Nxc7 23. bxc7 Bxb2 24. Rd7 b4 25. Nd2 Kg7 26. Nb3 Kf6 27. Nxc5 Bc6 28. Rd8 Rxc7 29. Nxa6 Rb7 30. Nc5 Ra7 31. Rb8 e6 32. Nd3 Bc3 33. Nxb4 Be4 34. Rb6 Ra1+ 35. Kh2 Be5+ 36. f4 Bc7 37. Ra6 Re1 38. Bf3 Bxf3 39. gxf3 Kg7 40. e4 Bxf4+ 41. Kg2 Re2+ 42. Kg1 Be3+ 43. Kh1 Kh6 44. Ra2 Re1+ 45. Kg2 Kg5 46. Nd3 Rg1+ 47. Kh2 Rd1 48. Nf2 Rc1 49. Kg3 Bxf2+ 50. Rxf2 Rxc4 51. Ra2 Kf6 52. Ra6 Rc2 53. Ra5 g5 54. h4 gxh4+ 55. Kxh4 Rg2 56. Rb5 Rg1 57. Ra5 Kg6 58. Ra8 Rh1+ 59. Kg3 Kf6 60. Ra5 Kg6 61. Ra8 Rh5 62. Kg4 Rb5 63. Rg8+ Kf6 64. Rh8 Rg5+ 65. Kh3 Rg7 66. f4 e5 67. fxe5+ Kxe5 68. Re8+ Kf4 69. Re7 Kg5 70. e5 Kg6 71. Kh4 Rg8 72. Ra7 Re8 73. Ra6+ Re6 74. Ra5 Kf5 75. Ra7 Rh6+ 76. Kg3 Rg6+ 77. Kf3 Ke6 78. Kf4 Rg1 79. Ra6+ Ke7 80. Rh6 Rg7 81. Kf5 Kf8 82. e6 Rg6 83. Rxh7 Rxe6 84. Rh8+ Kg7 85. Ra8 Rh6 86. Kg5 f6+ 87. Kf5 Rh5+ 88. Kg4 Rb5 89. Kf4 Kg6 90. Rg8+ Kf7 91. Ra8 Kg7 92. Rc8 Rh5 93. Kg4 Rd5 94. Kf4 Kg6 95. Rg8+ Kf7 96. Ra8 Ke6 97. Ra6+ Rd6 98. Rxd6+ Kxd6 99. Kf5 Ke7 100. Kf4 Ke6 101. Ke4 f5+ 102. Kf4 Kf6 103. Kf3 Kg5 104. Kg3 f4+ 105. Kf3 Kf5 106. Kf2 Ke4 107. Ke2 f3+ 108. Kf2 Kf4 109. Kf1 Kg3 110. Kg1 f2+ 111. Kf1 Kf3 1/2-1/2

[Event "Gijon rapid op 17th"]
[Site "Gijon"]
[Date "2017.07.23"]
[Round "8"]
[White "Durarbayli, Vasif"]
[Black "Iglesias Leon, Francisco Javier"]
[Result "1-0"]
[WhiteElo "2630"]
[BlackElo "2172"]
[PlyCount "115"]
[EventDate "2017.07.23"]
[EventType "swiss (rapid)"]
[EventRounds "8"]
[EventCountry "ESP"]
[SourceTitle "CBM 179 Extra"]
[Source "ChessBase"]
[SourceDate "2017.08.23"]
[SourceVersion "1"]
[SourceVersionDate "2017.08.23"]
[SourceQuality "1"]

1. e4 d6 2. d4 Nf6 3. Nc3 e5 4. Nf3 Nbd7 5. Bc4 Be7 6. 0-0 0-0 7. Re1 b6 8. d5 a6 9. a4 Bb7 10. b3 c6 11. dxc6 Bxc6 12. Ba3 Nc5 13. Bxc5 bxc5 14. Nd5 Nxd5 15. Bxd5 Qc7 16. Re3 Qb7 17. Bxc6 Qxc6 18. Qe2 Rfc8 19. Rd1 Rab8 20. Rc3 Rb4 21. Rc4 Rxc4 22. Qxc4 Rb8 23. Nd2 Rb4 24. Qe2 f5 25. f3 fxe4 26. fxe4 Rb8 27. Nc4 Rf8 28. g3 h6 29. Qg4 Rf6 30. Kg2 Bf8 31. Qe2 Kh7 32. Rd3 Be7 33. Rf3 Rxf3 34. Qxf3 Bf6 35. Ne3 Qc8 36. Qf5+ Qxf5 37. Nxf5 Kg8 38. Nxd6 Kf8 39. Kf3 Be7 40. Nf5 Bf6 41. Ke2 Ke8 42. Kd3 Kd7 43. h4 h5 44. Ke2 Kc6 45. Ne3 g5 46. hxg5 Bxg5 47. Nc4 Bf6 48. Kf3 Kd7 49. Kg2 Ke6 50. Kh3 Bg5 51. Nb6 Kd6 52. Nd5 c4 53. b4 Bd2 54. Kh4 Be1 55. Ne3 Bxb4 56. Nxc4+ Kc5 57. Nxe5 Be1 58. Nd3+ 1-0

[Event "POR SupercupT 23rd"]
[Site "Porto"]
[Date "2016.10.23"]
[Round "1.1"]
[White "Portela Peleteiro, Alberto"]
[Black "Iglesias Leon, Francisco Javier"]
[Result "1/2-1/2"]
[WhiteElo "2419"]
[BlackElo "2175"]
[PlyCount "120"]
[EventDate "2016.10.23"]
[EventType "team-match"]
[EventRounds "1"]
[EventCountry "POR"]
[SourceTitle "EXT 2018"]
[Source "ChessBase"]
[SourceDate "2017.10.13"]
[SourceVersion "1"]
[SourceVersionDate "2017.10.13"]
[SourceQuality "1"]
[WhiteTeam "Gaia"]
[BlackTeam "Dias Ferreira"]
[WhiteTeamCountry "POR"]
[BlackTeamCountry "POR"]

1. e4 d6 2. d4 Nf6 3. Nc3 e5 4. Nf3 Nbd7 5. Bc4 Be7 6. 0-0 0-0 7. a4 b6 8. Re1 Bb7 9. h3 a6 10. Ba2 b5 11. axb5 axb5 12. b4 c6 13. Bb2 Ne8 14. Qd3 Nc7 15. Red1 Ne6 16. Ne2 Bf6 17. Bc3 exd4 18. Nfxd4 Nxd4 19. Nxd4 Nb6 20. Nf5 Na4 21. Bxf6 Qxf6 22. Re1 d5 23. e5 Qg5 24. h4 Qf4 25. c3 g6 26. Nd6 Bc8 27. g3 Qg4 28. Bb3 Bf5 29. Nxf5 Qxf5 30. Qxf5 gxf5 31. Bxa4 Rxa4 32. Rxa4 bxa4 33. Ra1 Ra8 34. f4 f6 35. exf6 Kf7 36. Kf2 Kxf6 37. Ke3 Ke6 38. Kd4 Kd6 39. Ra3 Rg8 40. c4 dxc4 41. Kxc4 Rg7 42. Rd3+ Kc7 43. Kc5 Kb7 44. b5 cxb5 45. Kxb5 Kc7 46. Kxa4 Kc6 47. Kb4 Ra7 48. Rd8 Rg7 49. Rf8 Rxg3 50. Rxf5 Kd6 51. Kc4 Rg4 52. Kd4 Ke6 53. Ke4 Rxh4 54. Ra5 Ke7 55. Ra7+ Kf8 56. Ke5 Rh6 57. f5 Rb6 58. Rxh7 Ra6 59. Kf4 Rb6 60. Kg5 Ra6 1/2-1/2

[Event "ESP-ch rapid"]
[Site "Linares"]
[Date "2016.08.14"]
[Round "7"]
[White "Fernandez Borrego, Pablo"]
[Black "Iglesias Leon, Francisco Javier"]
[Result "1-0"]
[WhiteElo "2430"]
[BlackElo "2169"]
[PlyCount "67"]
[EventDate "2016.08.14"]
[EventType "swiss (rapid)"]
[EventRounds "9"]
[EventCountry "ESP"]
[SourceTitle "CBM 173 Extra"]
[Source "ChessBase"]
[SourceDate "2016.08.29"]
[SourceVersion "1"]
[SourceVersionDate "2016.08.29"]
[SourceQuality "1"]

1. e4 d6 2. d4 Nf6 3. f3 e5 4. dxe5 dxe5 5. Qxd8+ Kxd8 6. Bc4 Ke8 7. Be3 Nbd7 8. Nd2 Bc5 9. Kf2 Ke7 10. Ne2 Bxe3+ 11. Kxe3 Nb6 12. Bb3 a5 13. a4 Nfd7 14. Nc1 Nc5 15. Nd3 Nxd3 16. cxd3 Be6 17. Bxe6 Kxe6 18. Nb3 Nd7 19. d4 exd4+ 20. Nxd4+ Kf6 21. Rac1 c6 22. Rhd1 Rhd8 23. f4 g6 24. Rd3 Ke7 25. Rb3 Rab8 26. g4 c5 27. Ne2 b6 28. Nc3 Nf6 29. g5 Ng4+ 30. Ke2 f5 31. h3 fxe4 32. hxg4 Rd3 33. Rd1 Rg3 34. Nd5+ 1-0

[Event "EU-Cup 31st"]
[Site "Skopje"]
[Date "2015.10.22"]
[Round "5.4"]
[White "Iglesias Leon, Francisco Javier"]
[Black "Van Haastert, Edwin"]
[Result "0-1"]
[WhiteElo "2224"]
[BlackElo "2433"]
[PlyCount "54"]
[EventDate "2015.10.18"]
[EventType "team-swiss"]
[EventRounds "7"]
[EventCountry "MKD"]
[SourceTitle "CBM 169"]
[Source "ChessBase"]
[SourceDate "2015.11.10"]
[SourceVersion "1"]
[SourceVersionDate "2015.11.10"]
[SourceQuality "1"]
[WhiteTeam "Dias Ferreira"]
[BlackTeam "Leiden LSG"]
[WhiteTeamCountry "POR"]
[BlackTeamCountry "NED"]

1. b3 e5 2. Bb2 Nc6 3. Nf3 e4 4. Nd4 Nxd4 5. Bxd4 d5 6. e3 Bf5 7. Bb2 h5 8. d4 h4 9. h3 Qg5 10. Nc3 c6 11. Qd2 Bd6 12. 0-0-0 Nf6 13. Be2 0-0-0 14. Na4 Kb8 15. Kb1 Nd7 16. c4 dxc4 17. bxc4 c5 18. Ka1 cxd4 19. Bxd4 Be5 20. f4 Bxd4+ 21. exd4 Qxg2 22. Rdg1 Qf2 23. Rxg7 e3 24. Qb2 Rhg8 25. Rxg8 Rxg8 26. Rf1 Rg1 27. Qc1 Rxf1 0-1

[Event "POR SuperCup"]
[Site "Matosinhos"]
[Date "2014.11.08"]
[Round "1.2"]
[White "Iglesias Leon, Francisco Javier"]
[Black "Hoffman, Alejandro"]
[Result "0-1"]
[WhiteElo "2219"]
[BlackElo "2474"]
[PlyCount "124"]
[EventDate "2014.11.08"]
[EventType "team-match"]
[EventRounds "1"]
[EventCountry "POR"]
[SourceTitle "EXT 2015"]
[Source "ChessBase"]
[SourceDate "2014.11.20"]
[SourceVersion "1"]
[SourceVersionDate "2014.11.20"]
[SourceQuality "1"]
[WhiteTeam "Dias Ferreira"]
[BlackTeam "Gaia"]
[WhiteTeamCountry "POR"]
[BlackTeamCountry "POR"]

1. b3 e5 2. Bb2 Nc6 3. Nf3 e4 4. Nd4 Nxd4 5. Bxd4 d5 6. e3 Ne7 7. d3 Nc6 8. Bb2 Bf5 9. Nd2 h5 10. a3 Qg5 11. h3 0-0-0 12. d4 Be7 13. c4 dxc4 14. bxc4 Bf6 15. Qe2 h4 16. 0-0-0 Kb8 17. Nb3 Rhe8 18. Bc3 Ka8 19. Qb2 Bc8 20. Kb1 Ne5 21. Be2 Nd3 22. Rxd3 exd3 23. Bf3 Re6 24. c5 c6 25. Na5 Be7 26. Ka1 Qg6 27. Rb1 Rd7 28. Qb3 Bd8 29. Nc4 f5 30. Qa4 Qf6 31. Qb3 Qe7 32. a4 g5 33. a5 a6 34. Nb6+ Bxb6 35. axb6 Rg6 36. g4 hxg3 37. fxg3 Qxe3 38. Bh5 Qe6 39. Bxg6 Qxg6 40. Re1 Rd8 41. Bd2 Rxd4 42. Qc3 Rd8 43. Re7 Qh5 44. Kb2 Qxh3 45. Bxg5 Qxg3 46. Rxb7 Qf2+ 47. Ka3 Bxb7 48. Bxd8 d2 49. Bg5 Qg3 50. Bxd2 Qxc3+ 51. Bxc3 Kb8 52. Kb3 Kc8 53. Kc4 Kd7 54. Kd4 Ke6 55. Bd2 Bc8 56. Bf4 a5 57. Kc4 a4 58. Kb4 Kd5 59. Bd6 Ke4 60. Kxa4 f4 61. b7 Bxb7 62. Ka5 Bc8 0-1

[Event "ESP-chT CECLUB Div2"]
[Site "Linares"]
[Date "2014.08.21"]
[Round "5.4"]
[White "Jordan Arenas, Manuel"]
[Black "Iglesias Leon, Francisco Javier"]
[Result "1/2-1/2"]
[WhiteElo "2148"]
[BlackElo "2218"]
[PlyCount "113"]
[EventDate "2014.08.18"]
[EventType "team-swiss"]
[EventRounds "6"]
[EventCountry "ESP"]
[SourceTitle "CBM 162 Extra"]
[Source "ChessBase"]
[SourceDate "2014.10.17"]
[SourceVersion "1"]
[SourceVersionDate "2014.10.17"]
[SourceQuality "1"]
[WhiteTeam "Mislata"]
[BlackTeam "Covadonga Cultura"]
[WhiteTeamCountry "ESP"]
[BlackTeamCountry "ESP"]

1. d4 Nf6 2. c4 c5 3. d5 b5 4. cxb5 a6 5. bxa6 Bxa6 6. Nc3 d6 7. e4 Qa5 8. Bxa6 Qxa6 9. Nge2 g6 10. Bg5 Nbd7 11. 0-0 Bg7 12. Qd2 h6 13. Bf4 Nh5 14. Be3 Ne5 15. b3 Ng4 16. h3 Nxe3 17. Qxe3 0-0 18. f4 Nf6 19. Rae1 Ne8 20. Kh1 Nc7 21. a4 Rab8 22. Nb1 Kh7 23. Nd2 f5 24. exf5 gxf5 25. Qxe7 Nxd5 26. Qe6 Qd3 27. Nc4 Rbe8 28. Qxd6 Rxe2 29. Rd1 Qxb3 30. Qxd5 Qxa4 31. Qxc5 Qc2 32. Qd5 Qe4 33. Nd6 Qxd5 34. Rxd5 Rd8 35. Rfd1 Rf2 36. Rxf5 Bf8 37. Kg1 Rc2 38. Rfd5 Ra8 39. R5d2 Raa2 40. Ne4 Bc5+ 41. Kh2 Rxd2 42. Rxd2 Rxd2 43. Nxd2 Be3 44. Ne4 Bxf4+ 45. g3 Be5 46. Kg2 Kg6 47. Kf3 h5 48. h4 Bc7 49. Nc5 Ba5 50. Ne6 Be1 51. Nf4+ Kh6 52. Nd3 Ba5 53. Ke4 Kg6 54. Nf4+ Kh6 55. Kf5 Be1 56. Ne2 Bf2 57. Ke4 1/2-1/2

[Event "ESP-chT Premier North"]
[Site "Barcelona"]
[Date "2005.08.13"]
[Round "4"]
[White "Iglesias Leon, Francisco Javier"]
[Black "Rebole Arbea, Jose Ignacio"]
[Result "1-0"]
[WhiteElo "2131"]
[BlackElo "2176"]
[PlyCount "61"]
[EventDate "2005.08.01"]
[EventType "team"]
[EventRounds "6"]
[EventCountry "ESP"]
[SourceTitle "CBM 107 Extra"]
[Source "ChessBase"]
[SourceDate "2005.09.01"]
[SourceVersion "1"]
[SourceVersionDate "2005.09.01"]
[SourceQuality "1"]

1. b3 d5 2. Bb2 Nf6 3. e3 e6 4. f4 Bd6 5. Nf3 0-0 6. Bb5 a6 7. Be2 Qe7 8. 0-0 Nfd7 9. Nc3 c6 10. d4 f6 11. Qe1 b5 12. Qh4 f5 13. Nd1 Qxh4 14. Nxh4 Nf6 15. c4 Bd7 16. c5 Bc7 17. a4 Ne4 18. Nf3 a5 19. axb5 cxb5 20. Nc3 Nxc3 21. Bxc3 Bc6 22. Ra2 Nd7 23. Rfa1 b4 24. Be1 Rfb8 25. Bh4 h6 26. Be7 a4 27. Bd6 Bxd6 28. cxd6 axb3 29. Rxa8 Rxa8 30. Rxa8+ Bxa8 31. Bb5 1-0

[Event "ESP-chT Premier North"]
[Site "Barcelona"]
[Date "2005.08.11"]
[Round "1"]
[White "Iglesias Leon, Francisco Javier"]
[Black "Suarez Real, Alberto"]
[Result "0-1"]
[WhiteElo "2131"]
[BlackElo "2355"]
[PlyCount "44"]
[EventDate "2005.08.01"]
[EventType "team"]
[EventRounds "6"]
[EventCountry "ESP"]
[SourceTitle "CBM 107 Extra"]
[Source "ChessBase"]
[SourceDate "2005.09.01"]
[SourceVersion "1"]
[SourceVersionDate "2005.09.01"]
[SourceQuality "1"]

1. b3 e5 2. Bb2 Nc6 3. Nf3 d6 4. d4 e4 5. d5 Nce7 6. Ng5 e3 7. fxe3 Nf5 8. Ne4 Qh4+ 9. Nf2 Nxe3 10. Qd2 Qe7 11. Bc1 Nxf1 12. Rxf1 Nf6 13. Nc3 g6 14. Bb2 Bg7 15. 0-0-0 0-0 16. Qg5 Re8 17. Kb1 Bd7 18. Rd3 b5 19. Rf3 h6 20. Qd2 Rf8 21. Nd3 Rae8 22. Re3 Qxe3 0-1

[Event "Asturias-chT Gr-A 0304"]
[Site "Asturias"]
[Date "2003.11.29"]
[Round "4"]
[White "Garcia Gonzalez, Francisco"]
[Black "Iglesias Leon, Francisco Javier"]
[Result "0-1"]
[WhiteElo "2035"]
[BlackElo "2144"]
[PlyCount "92"]
[EventDate "2003.??.??"]
[EventType "team"]
[EventRounds "7"]
[EventCountry "ESP"]
[SourceTitle "EXT 2007"]
[Source "ChessBase"]
[SourceDate "2006.11.23"]
[SourceVersion "1"]
[SourceVersionDate "2006.11.23"]
[SourceQuality "1"]

1. d4 Nf6 2. c4 c5 3. d5 b5 4. cxb5 a6 5. bxa6 Bxa6 6. Nc3 g6 7. e4 Bxf1 8. Kxf1 d6 9. h3 Bg7 10. g3 Qb6 11. Qe2 Qa6 12. Kg2 Qxe2 13. Ngxe2 Na6 14. Bg5 0-0 15. Rhd1 Rfb8 16. Rab1 h6 17. Be3 Nb4 18. a3 Nc2 19. Bf4 Nd7 20. Rd2 Nd4 21. Nc1 Nb3 22. Nxb3 Rxb3 23. Rc2 Nb6 24. Ra1 Nc4 25. Nd1 Nxb2 26. Rb1 Rab8 27. Nxb2 Bxb2 28. a4 g5 29. Bd2 Bd4 30. Rxb3 Rxb3 31. Rc4 Rb2 32. Be1 Kg7 33. Kf1 e6 34. f4 exd5 35. exd5 gxf4 36. gxf4 Kg6 37. a5 Ra2 38. Rc1 Kf5 39. Bh4 Kxf4 40. Bd8 Ke4 41. Rb1 Kxd5 42. Rb7 c4 43. Rxf7 c3 44. Rc7 Rxa5 45. Ke2 Ra2+ 46. Kd1 Bc5 0-1

[Event "Asturias-ch"]
[Site "Asturias"]
[Date "2001.??.??"]
[Round "5"]
[White "Iglesias Leon, Francisco Javier"]
[Black "Cabello Fernandez, Enrique"]
[Result "0-1"]
[WhiteElo "2139"]
[BlackElo "2157"]
[PlyCount "62"]
[EventDate "2001.??.??"]
[EventType "swiss"]
[EventRounds "11"]
[EventCountry "ESP"]
[SourceTitle "EXT 2003"]
[Source "ChessBase"]
[SourceDate "2002.11.25"]
[SourceVersion "1"]
[SourceVersionDate "2002.11.25"]
[SourceQuality "1"]

1. b3 d5 2. f4 c5 3. Nf3 Nf6 4. Bb2 e6 5. e3 Be7 6. d4 Nbd7 7. Nbd2 b6 8. Ne5 Bb7 9. Bd3 0-0 10. Qf3 Qc7 11. c3 a5 12. g4 a4 13. bxa4 Nxe5 14. fxe5 Ne4 15. Nxe4 dxe4 16. Bxe4 Bh4+ 17. Kd2 Bxe4 18. Qxe4 Rxa4 19. g5 Bxg5 20. Rhg1 Be7 21. Rxg7+ Kxg7 22. Rg1+ Bg5 23. Rxg5+ Kh8 24. Rh5 f5 25. exf6 cxd4 26. cxd4 Rxa2 27. Qb1 Ra5 28. Rh4 Rxf6 29. d5 Rxd5+ 30. Ke2 e5 31. Qe4 Rc5 0-1

[Event "Asturias-chT Preferente 0001"]
[Site "Asturias"]
[Date "2000.12.02"]
[Round "6"]
[White "Juan Roldan, Jose Luis"]
[Black "Iglesias Leon, Francisco Javier"]
[Result "1-0"]
[WhiteElo "2269"]
[BlackElo "2168"]
[PlyCount "67"]
[EventDate "2000.10.28"]
[EventType "team"]
[EventRounds "11"]
[EventCountry "ESP"]
[SourceTitle "EXT 2002"]
[Source "ChessBase"]
[SourceDate "2001.11.25"]
[SourceVersion "1"]
[SourceVersionDate "2001.11.25"]
[SourceQuality "1"]

1. c4 Nf6 2. Nc3 g6 3. d4 Bg7 4. Nf3 0-0 5. e4 c5 6. d5 b5 7. cxb5 d6 8. Bg5 a6 9. a4 Bg4 10. Be2 axb5 11. axb5 Nbd7 12. 0-0 Bxf3 13. Bxf3 Ra5 14. Qb3 Qa8 15. Ra3 Rxa3 16. bxa3 Qa5 17. Bd2 Ra8 18. Ra1 Ne8 19. Ra2 Nc7 20. a4 Qb4 21. Qc2 Ne5 22. Be2 Nc4 23. Be1 e6 24. Kf1 Na5 25. dxe6 Nxe6 26. Nd5 Qb3 27. Qxb3 Nxb3 28. a5 Nc1 29. Ra4 Nxe2 30. Kxe2 Nd4+ 31. Rxd4 Bxd4 32. Kd3 f5 33. b6 fxe4+ 34. Kc4 1-0

[Event "Asturias-chT Preferente 0001"]
[Site "Asturias"]
[Date "2000.11.11"]
[Round "3"]
[White "Iglesias Leon, Francisco Javier"]
[Black "Acebal Muniz, Antonio"]
[Result "0-1"]
[WhiteElo "2168"]
[BlackElo "2253"]
[PlyCount "80"]
[EventDate "2000.10.28"]
[EventType "team"]
[EventRounds "11"]
[EventCountry "ESP"]
[SourceTitle "EXT 2002"]
[Source "ChessBase"]
[SourceDate "2001.11.25"]
[SourceVersion "1"]
[SourceVersionDate "2001.11.25"]
[SourceQuality "1"]

1. e4 e5 2. Nf3 Nc6 3. Bb5 d6 4. c3 Bd7 5. 0-0 Nge7 6. d4 Ng6 7. Nbd2 Be7 8. d5 Nb8 9. Bxd7+ Nxd7 10. Nc4 0-0 11. Ne3 Bg5 12. Nxg5 Qxg5 13. Nf5 Qd8 14. Qh5 Ne7 15. Ng3 Ng6 16. Bg5 Qe8 17. Nf5 f6 18. Be3 Ne7 19. Nxe7+ Qxe7 20. b4 Nb6 21. Qe2 f5 22. f3 Qh4 23. Bf2 Qh5 24. g4 fxg4 25. fxg4 Qg6 26. Bxb6 axb6 27. Rf5 Rxf5 28. exf5 Qg5 29. Rf1 Ra3 30. Qb5 Qxg4+ 31. Kh1 Qe4+ 32. Kg1 Qg4+ 33. Kh1 h6 34. f6 Qe4+ 35. Kg1 Qg4+ 36. Kh1 Qe4+ 37. Kg1 Rxa2 38. f7+ Kh7 39. f8N+ Kg8 40. Rf2 Qe1+ 0-1

[Event "Asturias-chT Preferente 0001"]
[Site "Asturias"]
[Date "2000.10.28"]
[Round "1"]
[White "Quidiello Prado, Manuel Rogelio"]
[Black "Iglesias Leon, Francisco Javier"]
[Result "1/2-1/2"]
[WhiteElo "2219"]
[BlackElo "2168"]
[PlyCount "53"]
[EventDate "2000.10.28"]
[EventType "team"]
[EventRounds "11"]
[EventCountry "ESP"]
[SourceTitle "EXT 2002"]
[Source "ChessBase"]
[SourceDate "2001.11.25"]
[SourceVersion "1"]
[SourceVersionDate "2001.11.25"]
[SourceQuality "1"]

1. d4 Nf6 2. c4 c5 3. Nf3 Nc6 4. Nc3 d6 5. dxc5 dxc5 6. Qxd8+ Nxd8 7. g3 Ne6 8. Bg2 g6 9. b3 Bg7 10. Bb2 Ne4 11. Rc1 0-0 12. 0-0 Nxc3 13. Bxc3 Bxc3 14. Rxc3 Rd8 15. e3 a5 16. Rc2 Ra6 17. Rd2 Rad6 18. Rfd1 Ng5 19. Rxd6 Rxd6 20. Rxd6 Nxf3+ 21. Bxf3 exd6 22. Be4 b6 23. Kf1 g5 24. f4 h6 25. Ke2 Kg7 26. Kd2 Bd7 27. Kc3 1/2-1/2